000 00673nam a2200205 a 4500
001 000015427
005 20250204092151.0
008 100208s2003 dr r 000 0 spa d
020 _a9993455296
040 _aDO-SdBNP
_bspa
_cBNPHU
082 _a070.44
_bJ25p
100 1 _aBazil, Osvaldo
_934819
245 1 0 _aProsas dominicanas /
_cOsvaldo Bazil ; compilador Julio Jaime Julia ; prólogo Víctor Villegas.
260 _aSanto Domingo :
_bBanco Popular,
_c2003.
300 _a156 p. ;
_c22 cm.
650 4 _aArtículos de prensa
_943
650 0 _aEnsayos dominicanos
_965
700 1 _aJulia, Julio Jaime
_d1922-1993
_920185
700 1 _aVillegas, Víctor,
_epról.
_97744
999 _c14985
_d14985